MyGZULibrary

The language of evaluation : (Record no. 3969)

MARC details
000 -LEADER
fixed length control field 01385cam a22003254a 4500
001 - CONTROL NUMBER
control field 13888676
003 - CONTROL NUMBER IDENTIFIER
control field GZU
005 - DATE AND TIME OF LATEST TRANSACTION
control field 20210311084056.0
008 - FIXED-LENGTH DATA ELEMENTS--GENERAL INFORMATION
fixed length control field 050303s2005 nyu b 001 0 eng
010 ## - LIBRARY OF CONGRESS CONTROL NUMBER
LC control number 2005043360
020 ## - INTERNATIONAL STANDARD BOOK NUMBER
International Standard Book Number 140390409X (cloth)
040 ## - CATALOGING SOURCE
Original cataloging agency DLC
Transcribing agency DLC
Modifying agency DLC
050 00 - LIBRARY OF CONGRESS CALL NUMBER
Classification number PE1585
Item number .MAR 2005
082 00 - DEWEY DECIMAL CLASSIFICATION NUMBER
Classification number 420.1/43
Edition number 22
100 1# - MAIN ENTRY--PERSONAL NAME
Personal name Martin, J. R.,
Dates associated with a name 1950-
245 14 - TITLE STATEMENT
Title The language of evaluation :
Remainder of title appraisal in English /
Statement of responsibility, etc. J.R. Martin and P.R.R. White.
260 ## - PUBLICATION, DISTRIBUTION, ETC.
Place of publication, distribution, etc. New York :
Name of publisher, distributor, etc. Palgrave Macmillan,
Date of publication, distribution, etc. 2005.
300 ## - PHYSICAL DESCRIPTION
Extent xii, 278 p. cm.
504 ## - BIBLIOGRAPHY, ETC. NOTE
Bibliography, etc. note Includes bibliographical references (p. 262-273) and index.
650 #0 - SUBJECT ADDED ENTRY--TOPICAL TERM
Topical term or geographic name entry element English language
General subdivision Semantics.
650 #0 - SUBJECT ADDED ENTRY--TOPICAL TERM
Topical term or geographic name entry element English language
General subdivision Usage.
650 #0 - SUBJECT ADDED ENTRY--TOPICAL TERM
Topical term or geographic name entry element Evaluation
General subdivision Terminology.
700 1# - ADDED ENTRY--PERSONAL NAME
Personal name White, P. R. R.
Fuller form of name (Peter Robert Rupert),
Dates associated with a name 1956-
856 42 - ELECTRONIC LOCATION AND ACCESS
Materials specified Contributor biographical information
Uniform Resource Identifier <a href="http://www.loc.gov/catdir/enhancements/fy0624/2005043360-b.html">http://www.loc.gov/catdir/enhancements/fy0624/2005043360-b.html</a>
856 42 - ELECTRONIC LOCATION AND ACCESS
Materials specified Publisher description
Uniform Resource Identifier <a href="http://www.loc.gov/catdir/enhancements/fy0624/2005043360-d.html">http://www.loc.gov/catdir/enhancements/fy0624/2005043360-d.html</a>
856 41 - ELECTRONIC LOCATION AND ACCESS
Materials specified Table of contents only
Uniform Resource Identifier <a href="http://www.loc.gov/catdir/enhancements/fy0624/2005043360-t.html">http://www.loc.gov/catdir/enhancements/fy0624/2005043360-t.html</a>
906 ## - LOCAL DATA ELEMENT F, LDF (RLIN)
a 7
b cbc
c orignew
d 1
e ocip
f 20
g y-gencatlg
942 ## - ADDED ENTRY ELEMENTS (KOHA)
Source of classification or shelving scheme Library of Congress Classification
Koha item type Books
Classification part 1585
Item part MAR
Call number prefix PE
Holdings
Withdrawn status Lost status Damaged status Not for loan Collection code Home library Current library Shelving location Date acquired Total Checkouts Full call number Barcode Date last seen Copy number Price effective from Koha item type Source of acquisition Inventory number
        Non-fiction City Campus Library City Campus Library General Stacks 03/11/2021   PE1585MAR2005 000013 03/11/2021 c.1 03/11/2021 Books    
        Non-fiction City Campus Library City Campus Library General Stacks 03/11/2021   PE1585MAR2005 001727 03/11/2021 c.2 03/11/2021 Books    
        Non-fiction Mashava Campus Library Mashava Campus Library General Stacks 05/17/2021   PE1585 MAR 2005 001730 05/17/2021 c.3 05/17/2021 Books Donation- Book Aid International 20430
        Non-fiction Mashava Campus Library Mashava Campus Library General Stacks 05/17/2021   PE1585 MAR 2005 001733 05/17/2021 c.4 05/17/2021 Books Donation- Book Aid International 20431